LEADER 01380nam a2200325 i 4500 001 000000134323 003 CaOOAMICUS 005 20211026143429.0 008 050201s1995 it u000 u ita u 013 $a107491 020 $a88-7972-152-6 040 $aSeMil$bita 100 1 $aBercé, Yves Marie,$d<1936- >.$0(OLS)http://semarc/name/66322 240 13$aLa Vendée dans l'histoire.$0(OLS)http://semarc/title/435740 245 13$aLa Vandea /$c[Yves-Marie Bercé ... et al. ; traduzione di Giorgio Arduin]. 264 1$aMilano :$bCorbaccio,$c1995. 300 $aVI, 313 p. ;$c22 cm. 541 $aFondo Card. C.M. Martini (3U V 384) 650 4$aGuerre di Vandea <1793-1815> - Insurrezioni - 1793-1797.$0(OLS)http://semarc/subject/51143 650 4$aFrancia - Storia - Sec. 18.$0(OLS)http://semarc/subject/1089 650 4$aVandea - Storia.$0(OLS)http://semarc/subject/18700 700 1 $aArduin, Giorgio.$0(OLS)http://semarc/name/54922 850 $aSeMil 852 $aSeMil$W1$xVenegono$y1$m3U V 384$j88082$B88082$CSeMilBibl$Z2$F92314 $81 941 1 $a4 961 $aOmaggio: Martini Card. Carlo Maria 996 $6020$a88-7972-152-6$9(OLS)http://semarc/number/121500 996 $6245$aLa Vandea$9(OLS)http://semarc/title/196526 996 $6264$aMilano :$bCorbaccio$9(OLS)http://semarc/publisher/31394 LEADER 01286nam a2200229 i 4500 001 000000047685 003 CaOOAMICUS 005 20220401112956.0 008 120313s19851995gw u000 u ger u 013 $a18855 040 $aSeMil$bita 110 2 $aDeutsche Bischöfskonferenz.$0(OLS)http://semarc/name/11880 245 10$aKatholischer Erwachsenen-Katechismus /$cherausgegeben von der Deutschen Bischofskonferenz. 264 1$aKevelaer :$bVerlage der Verlagsgruppe "engagement",$c1985-1995. 300 $a462 p. ;$c23 cm. 500 $aPubblicazione coedita da diversi Editori, i cui nomi compaiono sul front. 650 4$aCatechismo tedesco.$0(OLS)http://semarc/subject/9235 774 0 $aDeutsche Bischöfskonferenz$tGlaubsbekenntnis der Kirche.$dKevelaer : Verlage der Verlagsgruppe "engagement", 1985.$b2. Aufl. (51.-150. Tsd.).$z3-7666-9388-3$z3-7698-0528-3$z3-7990-5544-4$z3-7917-0967-4$z3-7904-0427-6$z3-7840-3064-5$z3-460-32351-5$w()349886 774 0 $aDeutsche Bischöfskonferenz$t2: Leben aus dem Glauben.$z3-451-23762-8$z3-9804422-0-9$w()112825 996 $6245$aKatholischer Erwachsenen-Katechismus$9(OLS)http://semarc/title/71940 996 $6264$aKevelaer :$bVerlage der Verlagsgruppe "engagement"$9(OLS)http://semarc/publisher/60373